Riconosci il Pokémon - Quiz n°513 - Statistics

Statistiche generali
  • Questo quiz è stato fatto 3 volte
  • Il punteggio medio è 10 su 10
Statistiche sulle risposte
Indizio Risposta % Corretto
Altezza 1,0 m
100%
Peso 13,0 kg
100%
Tasso di cattura 45 (11.9%)
100%
Sesso 87.5% ♂, 12.5% ♀
100%
Abilità Erbaiuto; Clorofilla
100%
Tipo Erba / Veleno
100%
Pokémon Ivysaur
100%
Tasso di allevamento Medio-Lento
100%
Generazione Prima
100%
Stadio evoluzione Prima evoluzione
100%
Nessun quiz corrispondente trovato
Distribuzione punteggi
Percentuale di utenti per punteggio
Percentile per numero di risposta
I tuoi punteggi nel tempo
Non hai fatto questo quiz